7 habits of highly effective people: Restoring the character ethic (Record no. 507)
[ view plain ]
| 000 -LEADER | |
|---|---|
| fixed length control field | 00404nam a2200145Ia 4500 |
| 008 - FIXED-LENGTH DATA ELEMENTS--GENERAL INFORMATION | |
| fixed length control field | 130318s9999 xx 000 0 und d |
| 020 ## - INTERNATIONAL STANDARD BOOK NUMBER | |
| International Standard Book Number | 743408853 |
| 082 ## - DEWEY DECIMAL CLASSIFICATION NUMBER | |
| Classification number | 658.3 COV/S |
| 100 ## - MAIN ENTRY--PERSONAL NAME | |
| Personal name | Covey, Stephen R |
| 245 ## - TITLE STATEMENT | |
| Title | 7 habits of highly effective people: Restoring the character ethic |
| 260 ## - PUBLICATION, DISTRIBUTION, ETC. | |
| Name of publisher, distributor, etc. | Pocket Books |
| Place of publication, distribution, etc. | London |
| Date of publication, distribution, etc. | 1999 |
| 300 ## - PHYSICAL DESCRIPTION | |
| Extent | 358 |
| 650 ## - SUBJECT ADDED ENTRY--TOPICAL TERM | |
| Topical term or geographic name entry element | MANAGEMENT |
| 650 ## - SUBJECT ADDED ENTRY--TOPICAL TERM | |
| Topical term or geographic name entry element | PERSONALITY DEVELOPMENT |
| Withdrawn status | Lost status | Damaged status | Not for loan | Collection code | Home library | Current library | Shelving location | Date acquired | Cost, normal purchase price | Total Checkouts | Total Renewals | Full call number | Barcode | Date last seen | Date last checked out | Price effective from | Koha item type |
|---|---|---|---|---|---|---|---|---|---|---|---|---|---|---|---|---|---|
| Quantitative Aptitude/ Training Development/ Interview | Kerala University of Digital Sciences, Innovation and Technology Knowledge Centre | Kerala University of Digital Sciences, Innovation and Technology Knowledge Centre | Management | 18/03/2013 | 236.00 | 10 | 1 | 658.3 COV/S | 510 | 05/08/2025 | 04/08/2025 | 18/03/2013 | Books |